000 00715nam a2200289Ia 4500
005 20260324121123.0
008 008 260324s9999 xx 000 0 eng d
020 _a9781351276283
037 _aEBOOK
040 _aCRL
040 _beng
040 _cCRL
041 _2eng
041 _aeng
084 _qCRL
100 _aCheryl Kiser; Deborah Leipziger; J. Janelle Shubert
_91161264
245 0 _aCreating Social Value
245 2 _bA Guide for Leaders and Change Makers
260 _bTaylor and Francis
260 _c2014
365 _a
365 _b170
856 _uhttp://www.taylorfrancis.com/books/9781351276283
942 _cEBOOK
999 _c1753173
_d1753173